<?xml version="1.0" encoding="UTF-8"?>
<collection xmlns="http://www.loc.gov/MARC21/slim">
 <record>
  <leader>01527cam0a2200277   4500</leader>
  <controlfield tag="001">in00000003950</controlfield>
  <controlfield tag="005">20230404134426.9</controlfield>
  <datafield tag="010" ind1=" " ind2=" ">
   <subfield code="a">978-7-5037-8891-8</subfield>
   <subfield code="b">精装</subfield>
   <subfield code="d">CNY390.00</subfield>
  </datafield>
  <datafield tag="035" ind1=" " ind2=" ">
   <subfield code="a">01060632</subfield>
  </datafield>
  <datafield tag="100" ind1=" " ind2=" ">
   <subfield code="a">20200408d2019    em y0chiy50      ea</subfield>
  </datafield>
  <datafield tag="101" ind1="0" ind2=" ">
   <subfield code="a">chi</subfield>
  </datafield>
  <datafield tag="102" ind1=" " ind2=" ">
   <subfield code="a">CN</subfield>
   <subfield code="b">110000</subfield>
  </datafield>
  <datafield tag="105" ind1=" " ind2=" ">
   <subfield code="a">ak  z   000yy</subfield>
  </datafield>
  <datafield tag="106" ind1=" " ind2=" ">
   <subfield code="a">r</subfield>
  </datafield>
  <datafield tag="200" ind1="1" ind2=" ">
   <subfield code="a">辉煌70年</subfield>
   <subfield code="9">hui huang 70 nian</subfield>
   <subfield code="e">新中国经济社会发展成就(1949-2019)</subfield>
   <subfield code="f">[宁吉喆主编]</subfield>
   <subfield code="g">《辉煌70年》编写组编</subfield>
  </datafield>
  <datafield tag="210" ind1=" " ind2=" ">
   <subfield code="a">北京</subfield>
   <subfield code="c">中国统计出版社</subfield>
   <subfield code="d">2019</subfield>
  </datafield>
  <datafield tag="215" ind1=" " ind2=" ">
   <subfield code="a">474页</subfield>
   <subfield code="c">彩图,照片</subfield>
   <subfield code="d">28cm</subfield>
  </datafield>
  <datafield tag="300" ind1=" " ind2=" ">
   <subfield code="a">2019年主题出版重点出版物</subfield>
  </datafield>
  <datafield tag="314" ind1=" " ind2=" ">
   <subfield code="a">书中题其他责任者:主编宁吉喆</subfield>
  </datafield>
  <datafield tag="330" ind1=" " ind2=" ">
   <subfield code="a">本书被列为中宣部“2019年主题出版重点出版物”,由中国统计出版社有限公司出版。国家发展改革委副主任兼国家统计局局长、党组书记宁吉喆亲自为本书作序。本书用数据盘点新中国成立70年来我国经济社会巨大变化,用数据见证70年经济社会建设成就,用文字诠释70年人民生活发展变迁,向新中国成立70周年这一重要的历史时刻献礼。</subfield>
  </datafield>
  <datafield tag="517" ind1="1" ind2=" ">
   <subfield code="a">新中国经济社会发展成就(1949-2019)</subfield>
   <subfield code="9">xin zhong guo jing ji she hui fa zhan cheng jiu( 1949-2019)</subfield>
  </datafield>
  <datafield tag="606" ind1="0" ind2=" ">
   <subfield code="a">社会主义建设成就</subfield>
   <subfield code="y">中国</subfield>
   <subfield code="z">1949-2019</subfield>
  </datafield>
  <datafield tag="690" ind1=" " ind2=" ">
   <subfield code="a">D619</subfield>
   <subfield code="v">5</subfield>
  </datafield>
  <datafield tag="701" ind1=" " ind2="0">
   <subfield code="a">宁吉喆</subfield>
   <subfield code="9">ning ji zhe</subfield>
   <subfield code="4">主编</subfield>
  </datafield>
  <datafield tag="712" ind1="0" ind2="2">
   <subfield code="a">辉煌70年编写组</subfield>
   <subfield code="9">hui huang 70 nian bian xie zu</subfield>
   <subfield code="4">编</subfield>
  </datafield>
  <datafield tag="999" ind1="f" ind2="f">
   <subfield code="s">c743c11a-51f7-462d-865e-aa8afd37d75f</subfield>
   <subfield code="i">b31eab6b-11f8-42db-8942-f43df2b28728</subfield>
  </datafield>
 </record>
</collection>
